书目信息 |
| 题名: |
桑塔纳2000系列桥车结构与维修
|
|
| 作者: | 李东江 , 张大成 主编 | |
| 分册: | ||
| 出版信息: | 北京 机械工业出版社 2003 |
|
| 页数: | 558页 | |
| 开本: | 26cm | |
| 丛书名: | 国产轿车结构与维修丛书 | |
| 单 册: | ||
| 中图分类: | U469.110.3 | |
| 科图分类: | ||
| 主题词: | 汽车工程 | |
| 电子资源: | ||
| ISBN: | 7-111-11556-2 | |
| 000 | 00950oam2 2200253 450 | |
| 001 | 020236493300 | |
| 005 | 20050913083329.03 | |
| 010 | @a7-111-11556-2@dCNY48.00 | |
| 100 | @a20030526d2003 em y0chiy50 ea | |
| 101 | 0 | @achi |
| 102 | @aCN@b110000 | |
| 105 | @ay z 000yy | |
| 200 | 1 | @a桑塔纳2000系列桥车结构与维修@Asang ta na 2000 xi lie qiao che jie gou yu wei xiu@f李东江,张大成主编@Fli dong jiang,zhang da cheng zhu bian |
| 210 | @a北京@c机械工业出版社@d2003 | |
| 215 | @a558页@d26cm | |
| 225 | 2 | @a国产轿车结构与维修丛书 |
| 330 | @a本书分为12章,介绍了2000GLi桑塔纳、时代超人和俊杰轿车的发动机、自动变速器、传动系统、电气系统等主要结构,以及维修与常见故障的诊断与排除。 | |
| 410 | 0 | @1001012001094697@12001 @a国产轿车结构与维修丛书 |
| 606 | 0 | @a汽车工程 |
| 690 | @aU469.110.3@v4 | |
| 701 | 0 | @a李东江@Ali dong jiang@4主编 |
| 701 | 0 | @a张大成@Azhang da cheng@4主编 |
| 801 | 0 | @aCN@bTSSF@c20050913 |
| 905 | @a10447@dU469.110.3@e95 | |
| 桑塔纳2000系列桥车结构与维修/李东江,张大成主编.-北京:机械工业出版社,2003 |
| 558页;26cm.-(国产轿车结构与维修丛书) |
| ISBN 7-111-11556-2:CNY48.00 |
| 本书分为12章,介绍了2000GLi桑塔纳、时代超人和俊杰轿车的发动机、自动变速器、传动系统、电气系统等主要结构,以及维修与常见故障的诊断与排除。 |
| ● |
| 相关链接 |
|
|
|
|
正题名:桑塔纳2000系列桥车结构与维修
索取号:U469.110.3/95
 
预约/预借
| 序号 | 登录号 | 条形码 | 馆藏地/架位号 | 状态 | 备注 |
| 1 | 0361042 | 3610426 | 第二样本阅览室/ [索取号:U469.110.3/95] | 在馆 | |
| 2 | 0361043 | 3610435 | 第三借阅区/ [索取号:U469.110.3/95] | 在馆 | |
| 3 | 0361044 | 3610444 | 第三借阅区/ [索取号:U469.110.3/95] | 在馆 |